| 000 | 01459nam a2200385 a 4500 | ||
|---|---|---|---|
| 001 | 000109028 | ||
| 003 | CHAP | ||
| 005 | 20220329144034.0 | ||
| 008 | 140328s2013 mx a sm |||||||spa d | ||
| 010 | _a105490 | ||
| 011 | _a106462 | ||
| 040 | _cCHAP | ||
| 090 | _aTesis | ||
| 100 | 1 |
_aContreras Rodríguez, Leopoldo _9126131 |
|
| 245 | 1 | 0 |
_aDiagnostico de la calidad del agua en seis mirocuencas del río Jamapa, Veracruz _h[En línea] _cpor Leopoldo Contreras Rodríguez. |
| 260 |
_aChapingo, Méx. : _bEl autor., _c2013. |
||
| 500 | _aPara ver el contenido del material haga clic en la liga | ||
| 502 | _aTesis (Ing. Agr. Esp. en Ciencias Forestales) -- UACH. División de Ciencias Forestales | ||
| 502 | _aTesis (Ing. Agr. Esp. en Recursos Naturales) -- UACH. Departamento de Suelos | ||
| 590 |
_aBATCH-UPD _b05 _c20141002 _lUCH01 _h0859 |
||
| 590 |
_aBATCH _b00 _c20181121 _lUCH01 _h0759 |
||
| 590 |
_aE5652GLJ _b05 _c20140328 _lUCH01 _h1406 |
||
| 590 |
_aE5652GLJ _b05 _c20140328 _lUCH01 _h1407 |
||
| 590 |
_aE5652GLJ _b05 _c20141029 _lUCH01 _h1256 |
||
| 650 | 1 | 4 |
_aAgua _xAnálisis. _92280 |
| 650 | 1 | 4 |
_aAgua _xCalidad. _92316 |
| 650 | 1 | 4 |
_aAgua _xContaminación _zVeracruz. _9126134 |
| 650 | 1 | 4 |
_aCuencas hidrológicas _zVeracrúz. _930095 |
| 700 | 1 |
_aHernández Condado, Rigoberto _9126132 |
|
| 856 |
_a1 _n0001701 |
||
| 856 |
_aFinding aid _uhttp://10.13.5.2/tesis/sist109028.pdf _zTeclea aquí |
||
| 901 | _aBK | ||
| 942 | _cTESIS | ||
| 942 | _n0 | ||
| 999 |
_c105490 _d105490 |
||